Statistics for Solve Five Secret Countries by Continent #2

Click here to take the quiz!

General Stats

  • This quiz has been taken 2,375 times
  • The average score is 23 of 31

Answer Stats

ScrambleContinentScrambleCountry% Correct
AAGHNAfricaEGINRNiger
97%
BEINRUAsiaALOSLaos
97%
AEIKNRUEuropeAILTYItaly
97%
AAACIJMNorth AmericaABCUCuba
97%
AAILMWAfricaAAGHNGhana
95%
AEHIIOPTAfricaAAILMWMalawi
90%
ABIILOVTSouth AmericaEPRUPeru
89%
AGNOTOceaniaANRUUNauru
89%
AAAILRSTUOceaniaAGNOTTonga
87%
ABEIMMOQUZAfricaAEHIIOPTEthiopia
87%
AABBDORSPNorth AmericaAAACIJMJamaica
87%
KAfricaABEIMMOQUZMozambique
84%
AAGNUYSouth AmericaABIILOVBolivia
84%
AACCI ORSTNorth AmericaAABBDORSBarbados
81%
ADEKMNREuropeBEGILMUBelgium
80%
BEGILMUNEuropeAEIKNRUUkraine
80%
AAEGINNRTSouth AmericaAAGNUYGuyana
78%
ADILLMN NOOOSSSIOceaniaAAAILRSTUAustralia
71%
AEEELNUVZSouth AmericaAAEGINNRTArgentina
71%
SSouth AmericaAEEELNUVZVenezuela
69%
EEGMNNOORTEuropeADEKMNRDenmark
67%
AABHINRAsiaBEINRUBrunei
66%
ADEEIN SSTTTUNorth AmericaAACCI ORSTCosta Rica
60%
AAADHILL LMNRSSSOceaniaADILLMN NOOOSSSSolomon Islands
60%
AEIMNTVAsiaAABHINRBahrain
59%
AEGGIORAAsiaAEIMNTVVietnam
55%
OceaniaAAADHILL LMNRSSSMarshall Islands
55%
EuropeEEGMNNOORTMontenegro
49%
AsiaAEGGIORGeorgia
48%
PAKISTAN
30%
ANorth AmericaADEEIN SSTTTUUnited States
25%

Score Distribution

Percentile by Number Answered

Percent of People with Each Score

Your Score History

You have not taken this quiz